000 00666nam a22002177a 4500
999 _c14180
_d14180
003 AR-CdUCM
008 190422b ||||| |||| 00| 0 spa d
040 _aMUNICIPALIDAD PROVINCIAL DEL CUSCO
_cBIBLIOTECA MUNICIPAL DEL CUSCO
082 _a869.51 /
_bD31
100 _aDávila Pezúa, Domingo
_925112
245 _aTaytay apuy pachakamaqniy /
260 _aCusco :
_bInstituto nacional de cultura,
_c2005.
300 _a29 paginas ;
_bilustraciones,
_c21 cm.
500 _aCuentos
650 _aCuento
_94671
650 _aLiteratura
_983
650 _aHistoria
_9136
700 _aSanchez Paz, Carlos
_93998
942 _2ddc
_cLIBROS
945 _apjha
_d2019-04-22